Poblet (Record no. 166358)

MARC details
000 -LEADER
campo de control de longitud fija 00713nam a22002055i 4500
001 - NÚMERO DE CONTROL
campo de control 166358
003 - IDENTIFICADOR DE NÚMERO DE CONTROL
campo de control ES-MaACL
005 - FECHA Y HORA DE LA ÚLTIMA TRANSACCIÓN
campo de control 20251017063111.0
008 - DATOS DE LONGITUD FIJA--INFORMACIÓN GENERAL
campo de control de longitud fija 000131s1883 sp |||| | cat d
040 ## - FUENTE DE CATALOGACIÓN
Centro catalogador/agencia de origen CCPB | B
Lengua de catalogación spa
Centro/agencia transcriptor CCPB | B
100 1# - ENTRADA PRINCIPAL--NOMBRE DE PERSONA
Nombre de persona Toda, Eduardo,
Fechas asociadas al nombre 1852-1941
9 (RLIN) 133280
245 10 - MENCIÓN DEL TÍTULO
Título Poblet
Resto del título : recorts de la Conca de Barberá /
Mención de responsabilidad, etc. per Eduart Toda y Güell.
260 ## - PUBLICACIÓN, DISTRIBUCIÓN, ETC.
Lugar de publicación, distribución, etc. Barcelona :
Nombre del editor, distribuidor, etc. [s.n.],
Fecha de publicación, distribución, etc. 1883 (
Fabricante Estampa de la Renaixensa)
300 ## - DESCRIPCIÓN FÍSICA
Extensión 204, [4] p. ;
Dimensiones 21 cm.
490 1# - MENCIÓN DE SERIE
Mención de serie Biblioteca del Renaixement ;
Designación de volumen o secuencia 6
651 #4 - PUNTO DE ACCESO ADICIONAL DE MATERIA--NOMBRE GEOGRÁFICO
Nombre geográfico Poblet-
Subdivisión general Historia.
9 (RLIN) 137314
830 0# - PUNTO DE ACCESO ADICIONAL DE SERIE-TÍTULO UNIFORME
Título uniforme Biblioteca del Renaixement ;
Designación de volumen o secuencia 6
9 (RLIN) 222547
852 ## - LOCALIZACIÓN
Ubicación ES-MaACL
Número de control de estantería B-1063
Nota libre -- Enc. tela
Holdings
Estatus retirado Estado de pérdida Estado de daño No para préstamo Colección Biblioteca de origen Biblioteca actual Ubicación en estantería Fecha de adquisición Fuente de adquisición Total de préstamos Signatura topográfica completa Código de barras Visto por última vez Precio de reemplazo Tipo de ítem Koha
        Libros del s. XIX Biblioteca del Ateneo de Madrid Biblioteca del Ateneo de Madrid Sala Pardo Bazán 17/01/2008     B-1063 1174467 23/02/2023 23/02/2023 Libro impreso antiguo